000 00907nam a2200277 a 4500
008
020 _a9780443070891 (paperrback)
040 _aNUST
_cNUST
049 _aMAIN
090 _aRD31
_bSUR
245 1 0 _aSurgery 2 :
_ba core text with self-assessment covering orthopaedics, ear , nose and throat surgery and opthalmology/
_cedited by John A Dent.
250 _aSecond edition.
260 _aEdinburgh :
_bChurchill Livingstone,
_c2003.
300 _a291 pages :
_billustrations ;
_c27 cm.
336 _atext
_btxt
_2rdacontent
337 _aunmediated
_bn
_2rdamedia
338 _avolume
_bnc
_2rdacarrier
500 _aIncludes index.
650 1 _aSurgery.
650 _aSurgery
_xExaminations.
700 _aDent, John A.,
_aeditor.
907 _a.b10409713
_b21-09-21
_c21-09-21
003
005 20230120204319.0
942 _cBOOKS
_kRD31
_mSUR
999 _c121003
_d121003